Hát mãi với Trường Sơn
v...v
Đã lưu trong:
| Tác giả chính: | |
|---|---|
| Định dạng: | Sách |
| Ngôn ngữ: | Vietnamese |
| Năm xuất bản: |
H.
Thanh niên
2002
|
| Chủ đề: | |
| Tags: |
Thêm thẻ
Không có thẻ, Hãy là người đầu tiên gắn thẻ bản ghi này!
|
| LEADER | 00923nam a2200277 a 4500 | ||
|---|---|---|---|
| 001 | vtls000009141 | ||
| 003 | VRT | ||
| 005 | 20170224084538.0 | ||
| 008 | 051214 2004 vm g 000 vie d | ||
| 020 | |c 28000đ | ||
| 039 | 9 | |a 201211091108 |b Hanh |c 200512140813 |d quynh | |
| 040 | |a TVTTHCM |e AACR2. | ||
| 082 | 0 | 4 | |a 782.4209597 |b H110m |
| 100 | 1 | |a Đào Hữu Thi | |
| 245 | 1 | 0 | |a Hát mãi với Trường Sơn |c Đào Hữu Thi biên soạn |
| 260 | |a H. |b Thanh niên |c 2002 | ||
| 300 | |a 181 tr. |c 27 cm. | ||
| 520 | |a v...v | ||
| 653 | |a Âm nhạc | ||
| 653 | |a Bài hát | ||
| 653 | |a Trường sơn | ||
| 653 | |a Việt Nam | ||
| 942 | |2 ddc |c SH | ||
| 949 | |6 100010284 | ||
| 999 | |c 2405 |d 2405 | ||
| 952 | |0 0 |1 0 |2 ddc |4 0 |6 782_420959700000000_H110M |7 0 |8 700 |9 31395 |a qbu |b qbu |c D5 |d 2014-12-13 |g 28000 |l 1 |o 782.4209597 H110m |p 4802.C1 |r 2015-02-03 |s 2015-01-28 |w 2014-12-13 |y SH |0 0 |6 782_420959700000000_H110M |0 0 |6 782_420959700000000_H110M | ||